000 00660nam a2200169 a 4500
008 101012s2007 ||||||||||||||||| || u
020 _a9780521876223
050 _aQA 805 Mor
100 _aMorin, David
245 1 0 _aIntroduction to classical mechanics: with problems and solutions
_cby David Morin
260 _aNew York:
_bCombbridge University Press
_c2007
300 _axvii, 719p.: ill.
350 _a0.00
650 _aMECHANICS
650 _aMECHANICS--PROBLEMS, EXERCISES, ETC
995 _D0.00
_FCBU-MAIN LIBRARY (Kitwe)
_H1
_I0.00
_M1
_UAVAILABLE
_WNov 25, 2010
_ZMain Library Open Access Collection
999 _c47654
_d47654